000 00704nam a2200229Ia 4500
003 OSt
005 20220918105508.0
006 a|||||r|||| 00| 0
007 ta
008 220915b |||||||| |||| 00| 0 hin d
024 _a200347
037 _cReference Collections
040 _aARTS
_cARTS
_bhin
041 _2hin
_ahin
082 _aV1k, 152K2.1(RR)
100 _aभण्डारी, चन्द्रराज
_91672
245 0 _aविश्व इतिहास कोष
246 _aVishva itihās koṣha
260 _c1962
942 _hV1k, 152K2.1(RR)
_cREF
999 _c107569
_d107569